000 00711nam a2200205 a 4500
999 _c8549
_d8549
003 BD-JhCC
005 20180421115718.0
008 171118s1976 bg |||| ||a| 00| 0 ben d
035 _a(BD-JhCC)3776
040 _aBD-JhCC
_dBD-JhCC
041 _aben
082 _a891.4409
_bMUK1976
100 _aমুখোপাধ্যায়, সুনীলকুমার
245 _aকাব্য নির্মান কলা আরিস্টটল /
_cসুনীলকুমার মুখোপাধ্যায়
260 _aঢাকা ;
_bবর্ণমছিল,
_c1976.
300 _a175 p. :
_c22 cm.
650 _aBengali Literature
942 _2ddc
_cBK